000 00531nam a2200169Ia 4500
999 _c21742
_d21742
003 OSt
005 20200605114351.0
008 190216s9999||||xx |||||||||||||| ||und||
020 _a9788120808980
040 _coclc
082 _a320.954
_bSHA/A
100 _aSharma, Ram Sharan
_92492
245 0 _aAspects Of Political Ideas And Institutions In Ancient India /
_cRam Sharan Sharma
260 _bMotilal Banarsidass,
_c2015.
_aDelhi:
300 _a462p
942 _cBK
_2ddc
_h320.954
_iSHA/A
_k320.954
_mSHA/A